000 00481nam a2200217Ia 4500
003 OSt
005 20220528112708.0
008 210210b1988 xxu||||| |||| 00| 0 eng d
040 _cAL
041 _aEnglish
082 _a581 PANC
100 _aPANDEY (B P)
_939448
245 _aCollege Botany V1
250 _a3
260 _aND
_bS. Chand & Co. Ltd.
_c1988
300 _aviii,628
440 _a1
_939449
690 _aBotany
_939450
906 _a043596
942 _2ddc
_cBK
999 _c93050
_d93050